Handbook of experimental immunology
שמור ב:
| מחבר ראשי: | |
|---|---|
| פורמט: | ספר |
| שפה: | אנגלית |
| יצא לאור: |
Oxford
Blackwell Scientific Publications
1978
|
| מהדורה: | 3a. ed |
| נושאים: | |
| תגים: |
הוספת תג
אין תגיות, היה/י הראשונ/ה לתייג את הרשומה!
|
MARC
| LEADER | 00000nam a2200000 a 4500 | ||
|---|---|---|---|
| 001 | UCY0415 | ||
| 003 | CL-VaPUC | ||
| 008 | 940801e19780000UK |||||||||||||||||eng|d | ||
| 082 | 0 | 4 | |a 571.96 |b WEI |2 21 |
| 100 | 0 | |a Weir, Donald Mackay |e author |9 328107 | |
| 245 | 1 | 0 | |a Handbook of experimental immunology |
| 250 | |a 3a. ed | ||
| 300 | |a v | ||
| 942 | |c BK | ||
| 945 | |d 19940801 00:00:00 |a mfernand | ||
| 260 | |a Oxford |b Blackwell Scientific Publications |c 1978 | ||
| 500 | |a v.1: Immunochemistry | ||
| 650 | 7 | |a INMUNOLOGIA MANUALES DE LABORATORIO |2 CL-VaPUC |9 328108 | |
| 583 | |a last modification |c 19940801 00:00:00 |k Rodrigo Vera | ||
| 999 | |c 229416 |d 229414 | ||
| 952 | |0 0 |1 0 |4 0 |6 571_960000000000000_WEI_1978 |7 0 |8 A |9 230522 |a BIBALI |b BIBALI |c GEN |d 2019-11-15 |h v.1 |i 2998904 |o 571.96 WEI 1978 |p 2998904 |r 2025-01-20 |w 2019-11-15 |y BK |k ALI | ||